书目信息 |
| 题名: |
群雄逐鹿
|
|
| 作者: | 冯立鳌 著 | |
| 分册: | ||
| 出版信息: | 北京 中国文史出版社 2014 |
|
| 页数: | 259页 | |
| 开本: | 24cm | |
| 丛书名: | 重读司马迁书系 | |
| 单 册: | ||
| 中图分类: | K232.09 | |
| 科图分类: | ||
| 主题词: | 秦汉时代--历史--通俗读物 | |
| 电子资源: | ||
| ISBN: | 978-7-5034-4620-7 | |
| 000 | 00962nam0 2200265 450 | |
| 001 | 339538 | |
| 005 | 20150608155656.54 | |
| 010 | @a978-7-5034-4620-7@dCNY49.00 | |
| 100 | @a20140627d2014 em y0chiy50 ea | |
| 101 | 0 | @achi |
| 102 | @aCN@b110000 | |
| 105 | @ay z 000yy | |
| 106 | @ar | |
| 200 | 1 | @a群雄逐鹿@Aqun xiong zhu lu@e秦汉之际二十年@f冯立鳌著 |
| 210 | @a北京@c中国文史出版社@d2014 | |
| 215 | @a259页@d24cm | |
| 225 | 1 | @a重读司马迁书系 |
| 330 | @a本书以司马迁笔下的人物描述为线索, 解读了公元前221年秦朝建国至公元前202年刘项垓下决战之际“秦失其鹿, 天下共逐之”的社会演进历程, 通过二十年间山崩地陷、乾坤翻转的政治运动, 分析揭示了秦楚汉许多政治集团勃兴忽亡的内在因果。 | |
| 410 | 0 | @12001 @a重读司马迁书系 |
| 517 | 1 | @a秦汉之际二十年@Aqin han zhi ji er shi nian |
| 606 | 0 | @a秦汉时代@x历史@j通俗读物 |
| 690 | @aK232.09@v5 | |
| 701 | 0 | @a冯立鳌@Afeng li ao@f(1958.12)@4著 |
| 801 | 0 | @aCN@b卓展宏图@c20150525 |
| 905 | @dK232.09@e43@f4 | |
| 群雄逐鹿:秦汉之际二十年/冯立鳌著.-北京:中国文史出版社,2014 |
| 259页;24cm.-(重读司马迁书系) |
| ISBN 978-7-5034-4620-7:CNY49.00 |
| 本书以司马迁笔下的人物描述为线索, 解读了公元前221年秦朝建国至公元前202年刘项垓下决战之际“秦失其鹿, 天下共逐之”的社会演进历程, 通过二十年间山崩地陷、乾坤翻转的政治运动, 分析揭示了秦楚汉许多政治集团勃兴忽亡的内在因果。 |
| ● |
| 相关链接 |
|
|
|
|
正题名:群雄逐鹿
索取号:K232.09/43
 
预约/预借
| 序号 | 登录号 | 条形码 | 馆藏地/架位号 | 状态 | 备注 |
| 1 | 863058 | 208630588 | 第二样本阅览室/ [索取号:K232.09/43] | 在馆 | |
| 2 | 863059 | 208630597 | 第二借阅区/ [索取号:K232.09/43] | 在馆 | |
| 3 | 863060 | 208630604 | 第二借阅区/ [索取号:K232.09/43] | 在馆 | |
| 4 | 863061 | 208630613 | 密集书库-史法系/ [索取号:K232.09/43] | 在馆 |